| 000 | 00718nam a2200193 i 4500 | ||
|---|---|---|---|
| 001 | 21594 | ||
| 003 | ES-MaACL | ||
| 005 | 20230906152518.0 | ||
| 007 | t| | ||
| 008 | 021126s1804 sp |||| | spa d | ||
| 080 | _a821.134.2-31"16" | ||
| 100 | 1 |
_aAlcalá Yáñez y Rivera, Jerónimo de. _919470 |
|
| 245 | 1 | 3 |
_aEl donado hablador _b: vida y aventuras de Alonso, mozo de muchos amos / _ccompuesta por Jerónimo de Alcalá Yáñez y Rivera. |
| 260 |
_aMadrid : _b[s.n.], _c1804 ( _fImp. de Ruiz) |
||
| 300 |
_a2 v. ; _c16 cm. |
||
| 530 | _aDisponible en formato digital. | ||
| 852 |
_x _aBA _jR-2284-85 G-3948-9 |
||
| 856 |
_uhttp://bdh-rd.bne.es/viewer.vm?id=0000007568&page=1 _zBiblioteca Digital Hispánica |
||
| 999 |
_c21594 _d21594 |
||